| 000 | 00600nam a22001817a 4500 | ||
|---|---|---|---|
| 003 | OSt | ||
| 005 | 20131121105913.0 | ||
| 008 | 130614s2010 |||||||| |||| 00| 0 cat d | ||
| 040 | _cCDMR | ||
| 245 | 0 | 0 |
_aProspectiva del mercat laboral per als futurs graduats en periodisme a Catalunya _ccoordinadors, Josep Lluís Micó, Pere Masip |
| 260 | _c2010 | ||
| 300 |
_a48 p. _c30 cm |
||
| 650 | 0 | 4 |
_93782 _aPeriodistes _xPràctica professional _zCatalunya |
| 650 | 0 | 4 |
_94342 _aMercat de treball _zCatalunya |
| 700 | 1 |
_92519 _aMicó, Josep Lluís _ecoor. |
|
| 700 | 1 |
_91265 _aMasip, Pere _ecoor. |
|
| 942 |
_2udc _cTSN |
||
| 999 |
_c6467 _d6467 |
||